书目信息 |
| 题名: |
农林水利类环境影响评价
|
|
| 作者: | 环境?Ahuan jing , げ炕肪彻こ唐拦乐行?Akang fang che tang lan le hang 编 | |
| 分册: | ||
| 出版信息: | 北京 中国环境科学出版社 2012.10 |
|
| 页数: | 581页 | |
| 开本: | 23cm | |
| 丛书名: | 环境影响评价系列丛书 | |
| 单 册: | ||
| 中图分类: | X820.3 | |
| 科图分类: | ||
| 主题词: | 农业生产--环境影响--评价 | |
| 电子资源: | ||
| ISBN: | 978-7-5111-1154-8 | |
| 000 | 01337oam2 2200337 450 | |
| 001 | 0100140741 | |
| 005 | 20141020221557.0 | |
| 010 | @a978-7-5111-1154-8@dCNY80.00 | |
| 100 | @a20130329d2012 em y0chiy50 ea | |
| 101 | 0 | @achi |
| 101 | 11 | @achi |
| 102 | @aCN@b110000 | |
| 105 | @ay z 000yy | |
| 106 | @ar | |
| 200 | 1 | @a农林水利类环境影响评价@Anong lin shui li lei huan jing ying xiang ping jia@b专著@f环境保护部环境工程评估中心编@Fhuan jing bao hu bu huan jing gong cheng ping gu zhong xin bian |
| 205 | @a2版 | |
| 210 | @a北京@c中国环境科学出版社@d2012.10 | |
| 215 | @a581页@d23cm | |
| 225 | 2 | @a环境影响评价系列丛书 |
| 312 | @a封面英文题名:Environmental impact assessment for agriculture, forestry and water conservancy projects | |
| 314 | @a主编:谭民强 | |
| 330 | @a本书介绍了农林牧渔业、水利水电行业环境影响评价的相关法律法规、技术政策与标准,工程分析、环境影响识别与评价因子筛选、主要环境要素评价、环境保护对策措施实用方法及环境影响评价应关注的问题,并结合教材内容提供了相关的案例。 | |
| 461 | 0 | @1001006508130 |
| 540 | @a农林水利类环境影响评价 | |
| 606 | 0 | @a农业生产@x环境影响@x评价 |
| 690 | @aX820.3@v5 | |
| 701 | 0 | @a环境?Ahuan jing@4编 |
| 701 | 1 | @aげ炕肪彻こ唐拦乐行?Akang fang che tang lan le hang@4编 |
| 801 | @aCN | |
| 901 | @a001 | |
| 905 | @b1103998-4000@dX820.3@eH784:2@f3@a241430 | |
| 农林水利类环境影响评价/环境保护部环境工程评估中心编.-2版.-北京:中国环境科学出版社,2012.10 |
| 581页;23cm.-(环境影响评价系列丛书) |
| ISBN 978-7-5111-1154-8:CNY80.00 |
| 本书介绍了农林牧渔业、水利水电行业环境影响评价的相关法律法规、技术政策与标准,工程分析、环境影响识别与评价因子筛选、主要环境要素评价、环境保护对策措施实用方法及环境影响评价应关注的问题,并结合教材内容提供了相关的案例。 |
| ● |
| 相关链接 |
|
|
|
正题名:农林水利类环境影响评价
索取号:X820.3/H784:2
 
预约/预借
| 序号 | 登录号 | 条形码 | 馆藏地/架位号 | 状态 | 备注 |
| 1 | 1103998 | 211039981 | 自科二线504/501自科库 112排2列5层/ [索取号:X820.3/H784:2] | 在馆 | |
| 2 | 1103999 | 211039990 | 自科二线504/501自科库 112排2列5层/ [索取号:X820.3/H784:2] | 在馆 | |
| 3 | 1104000 | 211040005 | 自科库501/501自科库 112排2列5层/ [索取号:X820.3/H784:2] | 在馆 |